000 00545ntaaa2200205 4500
003 01
005 20251027203045.0
008 0714s1973 ag 01
020 _a840205126X
040 _aAR-BaBN
_bspa
_cAR-BaBN
_eaacr
_dRIC
082 _a936.0000 G16m
100 _aGarcía Voltá, Gabriel
_931741
245 _aEl mundo perdido de los visigodos
250 _a1 ed.
260 _aBarcelona :
_bEditorial Bruguera,
_c1977
300 _a222 p. ;
_cil., mapas; 17 cm
650 _aEuropa--Historia
650 _aVisigodos
_931742
942 _cBK
999 _c25935
_d25935